Electrik strength as polyethylene quality criterion; Korus`98. Proceedings

Detalles Bibliográficos
Parent link:Korus`98. Proceedings.— 1999.— P. 180-184
Otros Autores: Kryukova I. M., Skvirskay I. I., Ushakov V. Ya. Vasily Yakovlevich, Shmakov B. V.
Lenguaje:inglés
Publicado: 1999
Materias:
Formato: MixedMaterials Capítulo de libro
KOHA link:https://koha.lib.tpu.ru/cgi-bin/koha/opac-detail.pl?biblionumber=244418

MARC

LEADER 00000naa2a2200000 4500
001 244418
005 20251229142206.0
035 |a (RuTPU)RU\TPU\book\265801 
035 |a RU\TPU\book\265793 
090 |a 244418 
100 |a 20131022d1999 k||y0rusy50 ba 
101 0 |a eng 
102 |a RU 
200 1 |a Electrik strength as polyethylene quality criterion  |f I. M. Kryukova [et al.] 
320 |a References: p. 184 (1 tit.) 
463 1 |0 (RuTPU)RU\TPU\book\10961  |t Korus`98. Proceedings  |o The Second Russian-Korean International Symposium on Science and Technology, August, 30-September, 5, 1998  |f Tomsk Polytechnic University (TPU)  |v P. 180-184  |d 1999 
610 1 |a труды учёных ТПУ 
701 1 |a Kryukova  |b I. M. 
701 1 |a Skvirskay  |b I. I. 
701 1 |a Ushakov  |b V. Ya.  |c specialist in the field of electric power engineering  |c Professor of Tomsk Polytechnic University, Doctor of technical sciences  |f 1939-  |g Vasily Yakovlevich  |3 (RuTPU)RU\TPU\pers\29718  |9 14212 
701 1 |a Shmakov  |b B. V. 
801 1 |a RU  |b 63413507  |c 20131022 
801 2 |a RU  |b 63413507  |c 20131022  |g RCR 
942 |c BK